This town isn't big enough for the both of us (Record no. 78192)
[ view plain ]
| 000 -LEADER | |
|---|---|
| fixed length control field | 00945cab a2200205 4500 |
| 001 - CONTROL NUMBER | |
| control field | l136203 |
| 008 - FIXED-LENGTH DATA ELEMENTS--GENERAL INFORMATION | |
| fixed length control field | 070117n2006 000 0 eng u |
| 035 ## - SYSTEM CONTROL NUMBER | |
| System control number | (Sirsi) u136203 |
| 041 0# - LANGUAGE CODE | |
| Language code of text/sound track or separate title | eng |
| 100 1# - MAIN ENTRY--PERSONAL NAME | |
| Personal name | Atkinson, Rodney |
| 245 00 - TITLE STATEMENT | |
| Title | This town isn't big enough for the both of us |
| 260 ## - PUBLICATION, DISTRIBUTION, ETC. | |
| Date of publication, distribution, etc. | 2006 |
| 490 #0 - SERIES STATEMENT | |
| Series statement | Estates Gazette |
| Volume/sequential designation | (0701) 6 December 2006, 90(1) |
| 520 ## - SUMMARY, ETC. | |
| Summary, etc. | Discusses how after tenant's leases come to an end, that although rent reviews occur, rents stagnate because of the lack of competitive bidding for vacant property. Argues that this is due to the Landlord and Tenant Act 1954 allowing a virtual security of succession by a tenant when a lease comes to an end; the succeeding lease is negotiated in the absence of a competitive bidding process. |
| 590 ## - LOCAL NOTE (RLIN) | |
| Local note | KA |
| 650 ## - SUBJECT ADDED ENTRY--TOPICAL TERM | |
| Topical term or geographic name entry element | LANDLORD AND TENANTS ACT 1954 |
| 651 #4 - SUBJECT ADDED ENTRY--GEOGRAPHIC NAME | |
| Geographic name | England and Wales |
| Chronological subdivision | 1543- |
| 690 ## - LOCAL SUBJECT ADDED ENTRY--TOPICAL TERM (OCLC, RLIN) | |
| Topical term or geographic name as entry element | LANDLORD AND TENANT-LEASEHOLD REFORM |
| 942 ## - ADDED ENTRY ELEMENTS (KOHA) | |
| Suppress in OPAC | 0 |
| Withdrawn status | Lost status | Source of classification or shelving scheme | Damaged status | Not for loan | Home library | Current library | Shelving location | Date acquired | Total Checkouts | Full call number | Barcode | Date last seen | Copy number | Price effective from | Koha item type |
|---|---|---|---|---|---|---|---|---|---|---|---|---|---|---|---|
| Dewey Decimal Classification | London | London | Journal article | 17/01/2007 | L136203 | 136203-1001 | 06/08/2019 | 1 | 06/08/2019 | Journal article |